[Event "ALG-ch"]
[Site "Algiers"]
[Date "2016.01.21"]
[Round "8"]
[White "Bellebcir, Tarek"]
[Black "Hamira, Abdelatif"]
[Result "1-0"]
[WhiteElo "1752"]
[BlackElo "1917"]
[PlyCount "133"]
[EventDate "2016.01.16"]
[EventType "swiss"]
[EventRounds "9"]
[EventCountry "ALG"]
[SourceTitle "CBM 170 Extra"]
[Source "ChessBase"]
[SourceDate "2016.02.25"]
[SourceVersion "1"]
[SourceVersionDate "2016.02.25"]
[SourceQuality "1"]

1. e4 c5 2. Nf3 e6 3. d4 cxd4 4. Nxd4 a6 5. Nc3 Qc7 6. g3 d6 7. Bg2 Be7 8. a4 Nf6 9. Be3 b6 10. 0-0 Bb7 11. f4 0-0 12. f5 Qc5 13. e5 dxe5 14. Bxb7 exd4 15. Bxa8 dxe3 16. Qe2 Qb4 17. Rab1 Nbd7 18. Rf4 Qa5 19. fxe6 fxe6 20. Bg2 Rc8 21. Rc4 Rd8 22. Bh3 Qe5 23. Rd1 Re8 24. Kh1 a5 25. Rd3 Bc5 26. Bg2 Nf8 27. Nd1 h5 28. Bf3 N8h7 29. Nxe3 Qxb2 30. c3 Qc1+ 31. Kg2 e5 32. Rxc5 bxc5 33. Bxh5 Rb8 34. Nd1 Nxh5 35. Qxh5 Qc2+ 36. Nf2 Qxa4 37. Qxe5 Rf8 38. Qxc5 Qc2 39. Rf3 Rxf3 40. Kxf3 a4 41. h4 Qb3 42. Nd3 Nf6 43. Qc8+ Kh7 44. Qf5+ Kg8 45. Qc8+ Kh7 46. Qf5+ Kh8 47. Qc8+ Qg8 48. Qxg8+ Kxg8 49. Nb4 a3 50. g4 Kf7 51. g5 Nh7 52. Kg4 Ke6 53. h5 Ke5 54. Na2 Ke4 55. c4 Kd4 56. Kf5 Kxc4 57. h6 gxh6 58. g6 Nf6 59. Kxf6 Kb3 60. Nc1+ Kb2 61. Nd3+ Kc3 62. Nc1 Kb2 63. g7 Kxc1 64. g8Q Kb2 65. Qb8+ Kc3 66. Qb1 h5 67. Kg5 1-0

[Event "ALG-ch"]
[Site "Algiers"]
[Date "2016.01.19"]
[Round "5"]
[White "Bellebcir, Tarek"]
[Black "Benelouzzane, Mourad"]
[Result "1/2-1/2"]
[WhiteElo "1752"]
[BlackElo "1659"]
[PlyCount "122"]
[EventDate "2016.01.16"]
[EventType "swiss"]
[EventRounds "9"]
[EventCountry "ALG"]
[SourceTitle "CBM 170 Extra"]
[Source "ChessBase"]
[SourceDate "2016.02.25"]
[SourceVersion "1"]
[SourceVersionDate "2016.02.25"]
[SourceQuality "1"]

1. e4 d6 2. d4 Nf6 3. Nc3 Nbd7 4. Be3 e5 5. Nf3 Be7 6. h3 c6 7. a4 a5 8. Bc4 0-0 9. Bb3 Qc7 10. g4 exd4 11. Qxd4 d5 12. e5 Bc5 13. Qf4 Bxe3 14. fxe3 Re8 15. 0-0-0 Nxe5 16. Ne2 Qe7 17. Rhf1 Ng6 18. Qd4 c5 19. Qd2 c4 20. Ba2 Bd7 21. Nc3 Qxe3 22. Qxe3 Rxe3 23. Nxd5 Nxd5 24. Rxd5 Bc6 25. Rf5 Be4 26. Kd2 Bxf5 27. Kxe3 Bxc2 28. Bxc4 Bxa4 29. Ng5 Ne5 30. Bxf7+ Nxf7 31. Nxf7 Rf8 32. Rf4 Rxf7 33. Rxa4 b6 34. b4 axb4 35. Rxb4 Rf6 36. Ke4 h6 37. h4 Kf7 38. h5 Re6+ 39. Kf5 Rc6 40. Ra4 Rc5+ 41. Kf4 Rg5 42. Ra7+ Kf6 43. Rb7 Rb5 44. Rd7 Rb4+ 45. Kf3 Rb5 46. Rd6+ Kf7 47. Kf4 Rb1 48. Rd7+ Kf8 49. Kf5 Rf1+ 50. Ke5 Re1+ 51. Kf5 Re7 52. Rd8+ Re8 53. Rd6 Rb8 54. g5 hxg5 55. Kxg5 b5 56. h6 gxh6+ 57. Rxh6 Ke7 58. Kf4 b4 59. Ke3 b3 60. Rh1 Ke6 61. Kd3 Kd5 1/2-1/2

[Event "ALG-ch"]
[Site "Algiers"]
[Date "2016.01.19"]
[Round "6"]
[White "Nassr, Ahmed"]
[Black "Bellebcir, Tarek"]
[Result "1/2-1/2"]
[WhiteElo "2047"]
[BlackElo "1752"]
[PlyCount "85"]
[EventDate "2016.01.16"]
[EventType "swiss"]
[EventRounds "9"]
[EventCountry "ALG"]
[SourceTitle "CBM 170 Extra"]
[Source "ChessBase"]
[SourceDate "2016.02.25"]
[SourceVersion "1"]
[SourceVersionDate "2016.02.25"]
[SourceQuality "1"]

1. d4 Nf6 2. c4 e6 3. Nf3 d5 4. Nc3 Bb4 5. Bg5 Nbd7 6. e3 h6 7. Bh4 c5 8. Be2 Qa5 9. Qb3 b5 10. cxb5 c4 11. Qc2 Ne4 12. Rc1 Nb6 13. 0-0 Bxc3 14. bxc3 Na4 15. Bxc4 g5 16. Bb3 Naxc3 17. Bg3 Bd7 18. a4 a6 19. Be5 0-0 20. Nxg5 hxg5 21. f3 Ne2+ 22. Qxe2 Nd2 23. f4 f6 24. Bc7 Qb4 25. Bd6 Qxd6 26. Qxd2 axb5 27. axb5 Bxb5 28. Rf3 Qa3 29. Qc2 Bd3 30. Qc3 Be4 31. Rff1 Rfc8 32. Qxc8+ Rxc8 33. Rxc8+ Kg7 34. fxg5 f5 35. Bd1 Qxe3+ 36. Kh1 Qxg5 37. Bf3 Bd3 38. Re1 Be4 39. Rcc1 Qf4 40. Rcd1 Bxf3 41. gxf3 Qxf3+ 42. Kg1 Kf6 43. Rd2 1/2-1/2

[Event "ALG-ch"]
[Site "Algiers"]
[Date "2016.01.16"]
[Round "1"]
[White "Bellebcir, Tarek"]
[Black "Seddaoui, Yamine"]
[Result "0-1"]
[WhiteElo "1752"]
[BlackElo "2185"]
[PlyCount "100"]
[EventDate "2016.01.16"]
[EventType "swiss"]
[EventRounds "9"]
[EventCountry "ALG"]
[SourceTitle "CBM 170 Extra"]
[Source "ChessBase"]
[SourceDate "2016.02.25"]
[SourceVersion "1"]
[SourceVersionDate "2016.02.25"]
[SourceQuality "1"]

1. e4 e5 2. Nf3 Nc6 3. Bb5 a6 4. Ba4 Nf6 5. 0-0 Nxe4 6. Re1 Nc5 7. Bxc6 dxc6 8. Nxe5 Be7 9. d4 Ne6 10. c3 0-0 11. Be3 Bd6 12. Nd2 c5 13. Ne4 cxd4 14. Bxd4 Nxd4 15. Qxd4 Be7 16. Rad1 Qxd4 17. Rxd4 Be6 18. b3 Rfd8 19. Red1 Rxd4 20. Rxd4 Bf5 21. Ng3 Be6 22. Ne2 Re8 23. Rd2 Bf6 24. f4 g5 25. g3 gxf4 26. gxf4 Bxe5 27. fxe5 Bf5 28. Ng3 Rxe5 29. Nxf5 Rxf5 30. Rd7 Rc5 31. Rd3 Kg7 32. Kg2 Kf6 33. a4 a5 34. Rh3 c6 35. c4 h5 36. Rd3 b5 37. Rd4 bxc4 38. bxc4 Ke5 39. Rh4 Kd6 40. Kf3 Re5 41. Rf4 Kc5 42. Rf6 Kxc4 43. Rxc6+ Kb4 44. Rf6 Kxa4 45. Rxf7 Kb4 46. Ra7 a4 47. Rg7 a3 48. Kf4 a2 49. Rg1 Ra5 50. h4 a1Q 0-1